| 000 | 00772nam a22002295a 4500 | ||
|---|---|---|---|
| 003 | OSt | ||
| 005 | 20201124141848.0 | ||
| 008 | 180428s1988 le frb 000 0 ara d | ||
| 040 |
_aEG-ScBUE _bara _cEG-ScBUE |
||
| 082 | 0 | 4 |
_a297.821 _bم ظ ف _222 |
| 100 | 1 |
_aمظفر، محمد رضا. _916391 |
|
| 245 | 1 | 0 |
_aعقائد الأمامية / _cمحمد رضا المظفر. |
| 250 | _aط. 8. | ||
| 260 |
_aبيروت : _bدار الحوراء، _c1988. |
||
| 300 |
_a160 ص. ؛ _c22 سم. |
||
| 504 | _aيشتمل على إرجاعات ببليوجرافية. | ||
| 541 |
_aأ. محمد فريد خميس ؛ _cإهداء ؛ |
||
| 650 | 7 |
_aالإمامية (فرقة إسلامية). _2BUEsh _98611 |
|
| 651 | _2BUEsh | ||
| 653 |
_bGGEN _cApril2018 |
||
| 942 | _2ddc | ||
| 999 |
_c26605 _d26577 |
||